| 000 | 00694nam a2200277Ia 4500 | ||
|---|---|---|---|
| 005 | 20260320195711.0 | ||
| 008 | 008 262003s9999 xx 000 0 hin d | ||
| 020 | _a9788119989225 | ||
| 037 | _aEBOOK | ||
| 040 | _aCRL | ||
| 040 | _bhin | ||
| 040 | _cCRL | ||
| 041 | _2hin | ||
| 041 | _ahin | ||
| 084 | _qCRL | ||
| 100 |
_aडॉ. एच.एल. माहेश्वरी _91132845 |
||
| 245 | 0 | _aआख़िर आत्महत्या क्यों ? | |
| 250 | _a1st | ||
| 260 | _bRajkamal | ||
| 260 | _c2024 | ||
| 300 | _a144 | ||
| 856 | _uhttps://ebook.indiaread.in/pdfs/9788119989225.pdf | ||
| 942 | _cEBOOK | ||
| 999 |
_c1716024 _d1716024 |
||